Premier League Teams 1995-96 - Statistics

General Stats
  • This quiz has been taken 323 times
  • The average score is 17 of 20
Answer Stats
Position Team % Correct
C Manchester United
99%
11 Chelsea
97%
5 Arsenal
96%
R Manchester City
96%
3 Liverpool
95%
6 Everton
93%
8 Tottenham Hotspur
93%
2 Newcastle United
92%
4 Aston Villa
89%
7 Blackburn Rovers
89%
10 West Ham United
89%
13 Leeds United
87%
17 Southampton
81%
9 Nottingham Forest
76%
R Bolton Wanderers
72%
12 Middlesbrough
72%
R Queens Park Rangers
70%
15 Sheffield Wednesday
68%
14 Wimbledon
66%
16 Coventry City
64%
No matching quizzes found
Score Distribution
Percent of People with Each Score
Percentile by Number Answered
Your Score History
You have not taken this quiz